<?xml version="1.0" encoding="UTF-8"?>
<record
    xmlns:xsi="http://www.w3.org/2001/XMLSchema-instance"
    xsi:schemaLocation="http://www.loc.gov/MARC21/slim http://www.loc.gov/standards/marcxml/schema/MARC21slim.xsd"
    xmlns="http://www.loc.gov/MARC21/slim">

  <leader>02275agaaa2200313   4500</leader>
  <controlfield tag="001">8227</controlfield>
  <controlfield tag="003">IT-RoPAU</controlfield>
  <controlfield tag="005">20220918181252.0</controlfield>
  <controlfield tag="007">d cvaizq</controlfield>
  <controlfield tag="008">50131s9999||||xx ||| |     ||   ||und||</controlfield>
  <datafield tag="040" ind1=" " ind2=" ">
    <subfield code="a">IT-RoPAU</subfield>
    <subfield code="c">IT-RoPAU</subfield>
  </datafield>
  <datafield tag="041" ind1=" " ind2=" ">
    <subfield code="a">ITALIANO</subfield>
  </datafield>
  <datafield tag="100" ind1=" " ind2=" ">
    <subfield code="a">Magni Luigi</subfield>
    <subfield code="g">Codice regista SPICS: 11242</subfield>
    <subfield code="9">49544</subfield>
  </datafield>
  <datafield tag="130" ind1=" " ind2=" ">
    <subfield code="a">NELL'ANNO DEL SIGNORE</subfield>
    <subfield code="9">49545</subfield>
  </datafield>
  <datafield tag="245" ind1=" " ind2=" ">
    <subfield code="a">NELL'ANNO DEL SIGNORE</subfield>
    <subfield code="c">Prodotto da: Cicogna Bino -- Sceneggiatura: Magni Luigi -- Diretto da: Magni Luigi</subfield>
    <subfield code="p">NELL'ANNO DEL SIGNORE (Rif. Codice opera principale : H8227)</subfield>
  </datafield>
  <datafield tag="250" ind1=" " ind2=" ">
    <subfield code="a">Edizione Standard</subfield>
  </datafield>
  <datafield tag="260" ind1=" " ind2=" ">
    <subfield code="a">ROMA - PARIGI (ITALIA)</subfield>
    <subfield code="b">SAN MARCO - CORONA - FRANCOS / Distribuzione: EDICOLA</subfield>
    <subfield code="g">"1969 (1&#xB0; ed.: 2008 ; Ed. Lingua Orig.: 1969)"</subfield>
  </datafield>
  <datafield tag="300" ind1=" " ind2=" ">
    <subfield code="a">DVD</subfield>
    <subfield code="b">sonoro, col.</subfield>
    <subfield code="c">117 minuti</subfield>
  </datafield>
  <datafield tag="508" ind1=" " ind2=" ">
    <subfield code="a">"Fotografia: Ippoliti Silvano; Montaggio: Mastroianni Ruggero; Musica: Trovaioli Armando; Sceneggiatura: Magni Luigi; Scenografia: Egidi Carlo; "</subfield>
  </datafield>
  <datafield tag="511" ind1=" " ind2=" ">
    <subfield code="a">"Manfredi Nino; Sordi Alberto; Tognazzi Ugo; Hossein Robert; Salerno Enrico; Maria"</subfield>
  </datafield>
  <datafield tag="520" ind1=" " ind2=" ">
    <subfield code="a">ROMA 1825: DUE CARBONARI LEONIDA MONTANARI E ANGELO TARGHINI CONDANNATI A MORTE PER AVER ATTENTATO ALLA VITA DI UNA SPIA, IL NOBILE DON FILIPPO SPADAREO DI AVER TRADITO LA CAUSA, RICEVONO IN CELLA LE VISITE DI UN FRATE CONFESSORE CHE VUOLE INDUIRLI AL PENTIMENTO. MA OGNI INSISTENZA E' VANA: I DUE RIVOLUZIONARI, INSENSIBILI AI RICHIAMI DELLA FEDE, ARRIVANO A FARSI BEFFA DEL BUON MONACO, CHE NON SI ARRENDE. LA VICENDA SI SVOLGE NELLA ROMA PAPALINA NELL'ANNO DEL GIUBILEO, TEATRO DI INTRIGHI POLITICI E DI OSCURANTISMO RELIGIOSO. PIU' CHE NEI RIVOLUZIONARI, IL POPOLO SI RICONOSCE IN PASQUINO, CHEVESTE LE SPOGLIE DI UN CIABATTINO SEMIANALFABETA CORNACCHIA, L'INAFFERRABILE VOCE DI ROMA, IL MISTERIOSO AUTORE DI COMPONIMENTI SATIRICI CONTRO LE AUTORITA' PONTIFICIE. CONTENUTI EXTRA: INTERVISTA A LUIGI MAGNI E A LUCIA MIRISOLA.</subfield>
  </datafield>
  <datafield tag="538" ind1=" " ind2=" ">
    <subfield code="a">PAL, STEREO</subfield>
  </datafield>
  <datafield tag="546" ind1=" " ind2=" ">
    <subfield code="a">ITALIANO</subfield>
  </datafield>
  <datafield tag="650" ind1=" " ind2=" ">
    <subfield code="a">COMMEDIA - STORIC</subfield>
    <subfield code="e">DVD-FILM [DVD]</subfield>
    <subfield code="x">Codice MATERIA SPICS: 9947</subfield>
    <subfield code="9">49546</subfield>
  </datafield>
  <datafield tag="700" ind1=" " ind2=" ">
    <subfield code="a">Magni Luigi </subfield>
    <subfield code="e">(regista)</subfield>
    <subfield code="g">Codice regista SPICS: 11242</subfield>
    <subfield code="9">49547</subfield>
  </datafield>
  <datafield tag="700" ind1=" " ind2=" ">
    <subfield code="a">Magni Luigi </subfield>
    <subfield code="e">(soggetto)</subfield>
    <subfield code="g">Codice Soggetto SPICS: 11242</subfield>
    <subfield code="9">49548</subfield>
  </datafield>
  <datafield tag="700" ind1=" " ind2=" ">
    <subfield code="a">Trovaioli Armando</subfield>
    <subfield code="e">(musica)</subfield>
    <subfield code="g">Codice Musica SPICS: 11182</subfield>
    <subfield code="9">49549</subfield>
  </datafield>
  <datafield tag="942" ind1=" " ind2=" ">
    <subfield code="c">DV</subfield>
    <subfield code="2">ddc</subfield>
  </datafield>
  <datafield tag="999" ind1=" " ind2=" ">
    <subfield code="c">106938</subfield>
    <subfield code="d">106938</subfield>
  </datafield>
  <datafield tag="952" ind1=" " ind2=" ">
    <subfield code="0">0</subfield>
    <subfield code="1">0</subfield>
    <subfield code="4">0</subfield>
    <subfield code="6">H_8227_000000000000000</subfield>
    <subfield code="7">1</subfield>
    <subfield code="a">SPICS</subfield>
    <subfield code="b">SPICS</subfield>
    <subfield code="d">2015-01-31</subfield>
    <subfield code="l">0</subfield>
    <subfield code="o">H8227</subfield>
    <subfield code="r">2015-01-31 00:00:00</subfield>
    <subfield code="w">2015-01-31</subfield>
    <subfield code="y">DV</subfield>
    <subfield code="z">Progr. Ins.: 3714 / N.Vol.:1 / Copie: 1 / Pag.:0 / Copia rara: n.d. / date import: 1.2.2015 / By Epidotti, Trombetti, Vaglietti</subfield>
  </datafield>
</record>
